[Event "XXIX Miedzynarodowy Festiwal Szachowy CRACOVIA-2018 Grupa A"]
[Site "Krakow, Hotel Galaxy, ul. Gesia 22a"]
[Date "2019.01.02"]
[Round "7.6"]
[White "Hnydiuk, Aleksander"]
[Black "Grela, Kacper"]
[Result "1/2-1/2"]
[BlackElo "2305"]
[WhiteElo "2409"]
[LiveChessVersion "1.4.8"]

1. d4 {[%clk 1:28:46]} d5 {[%clk 1:30:51]} 2. c4 {[%clk 1:29:12]} e6
{[%clk 1:31:16]} 3. Nf3 {[%clk 1:29:31]} Nf6 {[%clk 1:31:39]} 4. g3
{[%clk 1:29:57]} dxc4 {[%clk 1:31:26]} 5. Bg2 {[%clk 1:30:23]} Nc6
{[%clk 1:31:22]} 6. Qa4 {[%clk 1:30:28]} Bb4+ {[%clk 1:31:31]} 7. Bd2
{[%clk 1:30:53]} Nd5 {[%clk 1:31:48]} 8. Qb5 {[%clk 1:30:18]} Bxd2+
{[%clk 1:28:57]} 9. Nbxd2 {[%clk 1:30:42]} c3 {[%clk 1:28:32]} 10. bxc3
{[%clk 1:31:06]} Nxc3 {[%clk 1:28:49]} 11. Qd3 {[%clk 1:30:28]} Nd5
{[%clk 1:28:25]} 12. O-O {[%clk 1:30:52]} O-O {[%clk 1:26:54]} 13. Rfc1
{[%clk 1:30:59]} Bd7 {[%clk 1:15:23]} 14. Rab1 {[%clk 1:29:54]} Rb8
{[%clk 1:12:55]} 15. Ne4 {[%clk 0:39:33]} b6 {[%clk 0:55:43]} 16. Neg5
{[%clk 0:38:43]} g6 {[%clk 0:52:54]} 17. Qd2 {[%clk 0:35:52]} h6 {[%clk 0:41:29]}
18. Ne4 {[%clk 0:26:32]} Kg7 {[%clk 0:41:50]} 19. Nc3 {[%clk 0:24:18]} Qf6
{[%clk 0:36:51]} 20. e4 {[%clk 0:21:17]} Nxc3 {[%clk 0:37:13]} 21. Qxc3
{[%clk 0:21:29]} a5 {[%clk 0:36:23]} 22. Ne5 {[%clk 0:10:31]} Nxe5
{[%clk 0:35:24]} 23. dxe5 {[%clk 0:11:00]} Qd8 {[%clk 0:34:34]} 24. Qxc7
{[%clk 0:11:14]} Qxc7 {[%clk 0:34:31]} 25. Rxc7 {[%clk 0:11:42]} Rfd8
{[%clk 0:33:56]} 26. Bf1 {[%clk 0:07:52]} Ba4 {[%clk 0:33:08]} 27. Rbc1
{[%clk 0:03:20]} Rd7 {[%clk 0:26:43]} 28. Rxd7 {[%clk 0:02:44]} Bxd7
{[%clk 0:27:08]} 29. Rc7 {[%clk 0:02:26]} Be8 {[%clk 0:27:23]} 30. f3
{[%clk 0:02:12]} b5 {[%clk 0:27:35]} 31. Kf2 {[%clk 0:02:18]} b4 {[%clk 0:27:25]}
32. Bc4 {[%clk 0:02:09]} a4 {[%clk 0:26:45]} 33. Ke3 {[%clk 0:01:52]} b3
{[%clk 0:26:15]} 34. axb3 {[%clk 0:02:18]} axb3 {[%clk 0:26:40]} 35. Bd3
{[%clk 0:02:35]} b2 {[%clk 0:25:13]} 36. Bb1 {[%clk 0:03:01]} Rb3+
{[%clk 0:25:00]} 37. Kf2 {[%clk 0:02:03]} Ba4 {[%clk 0:21:41]} 38. Ra7
{[%clk 0:01:52]} Ra3 {[%clk 0:19:18]} 39. Rb7 {[%clk 0:02:05]} Bb3
{[%clk 0:19:26]} 40. Ke2 {[%clk 0:30:39]} Ra1 {[%clk 0:45:38]} 41. Rxb3
{[%clk 0:30:59]} Rxb1 {[%clk 0:46:00]} 42. Kd3 {[%clk 0:30:20]} Rf1
{[%clk 0:43:22]} 43. Rxb2 {[%clk 0:28:59]} Rxf3+ {[%clk 0:43:45]} 44. Ke2
{[%clk 0:24:29]} Ra3 {[%clk 0:43:41]} 45. g4 {[%clk 0:20:39]} g5 {[%clk 0:39:37]}
46. Kf2 {[%clk 0:18:55]} Ra5 {[%clk 0:39:39]} 47. Kf3 {[%clk 0:16:46]} Kg6
{[%clk 0:36:42]} 48. Rb1 {[%clk 0:08:06]} h5 {[%clk 0:28:47]} 49. gxh5+
{[%clk 0:07:24]} Kxh5 {[%clk 0:29:10]} 50. Rb8 {[%clk 0:06:25]} Rxe5
{[%clk 0:28:57]} 51. h4 {[%clk 0:04:23]} f5 {[%clk 0:24:26]} 52. Rh8+
{[%clk 0:04:24]} Kg6 {[%clk 0:24:49]} 53. exf5+ {[%clk 0:03:54]} Rxf5+
{[%clk 0:25:13]} 54. Kg3 {[%clk 0:02:18]} Kg7 {[%clk 0:23:58]} 55. Ra8
{[%clk 0:02:35]} gxh4+ {[%clk 0:21:33]} 56. Kxh4 {[%clk 0:03:04]} Kf6
{[%clk 0:16:58]} 57. Kg4 {[%clk 0:03:28]} Rb5 {[%clk 0:16:36]} 58. Kf4
{[%clk 0:03:43]} Rb4+ {[%clk 0:16:46]} 59. Ke3 {[%clk 0:04:01]} Kf5
{[%clk 0:16:58]} 60. Ra5+ {[%clk 0:04:01]} e5 {[%clk 0:17:04]} 61. Kf3
{[%clk 0:02:01]} Rb3+ {[%clk 0:17:26]} 62. Kf2 {[%clk 0:02:18]} Kf4
{[%clk 0:17:45]} 63. Ra4+ {[%clk 0:02:10]} e4 {[%clk 0:18:09]} 64. Ra2
{[%clk 0:02:07]} Rf3+ {[%clk 0:18:03]} 65. Kg2 {[%clk 0:01:46]} Rg3+
{[%clk 0:16:33]} 66. Kf2 {[%clk 0:02:08]} Rb3 {[%clk 0:15:58]} 67. Rc2
{[%clk 0:02:15]} Rf3+ {[%clk 0:15:53]} 68. Ke1 {[%clk 0:00:58]} Rh3
{[%clk 0:14:49]} 69. Rf2+ {[%clk 0:00:58]} Ke3 {[%clk 0:15:11]} 70. Re2+
{[%clk 0:01:18]} Kd4 {[%clk 0:15:04]} 71. Rd2+ {[%clk 0:01:39]} Kc3
{[%clk 0:15:14]} 72. Rd8 {[%clk 0:01:48]} Re3+ {[%clk 0:15:36]} 73. Kf2
{[%clk 0:02:05]} Rd3 {[%clk 0:16:02]} 74. Re8 {[%clk 0:02:19]} e3+
{[%clk 0:16:27]} 75. Rxe3 {[%clk 0:02:44]} Rxe3 {[%clk 0:16:53]} 76. Kxe3
{[%clk 0:03:12]} 1/2-1/2

[Event "XXIX Miedzynarodowy Festiwal Szachowy CRACOVIA-2018 Grupa A"]
[Site "Krakow, Hotel Galaxy, ul. Gesia 22a"]
[Date "2019.01.02"]
[Round "7.8"]
[White "Jarmula, Lukasz"]
[Black "Licznerski, Lukasz"]
[Result "1/2-1/2"]
[BlackElo "2326"]
[WhiteElo "2481"]
[LiveChessVersion "1.4.8"]

1. d4 {[%clk 1:30:58]} Nf6 {[%clk 1:28:09]} 2. Nf3 {[%clk 1:31:18]} g6
{[%clk 1:28:21]} 3. c4 {[%clk 1:31:43]} Bg7 {[%clk 1:28:44]} 4. Nc3
{[%clk 1:32:08]} d5 {[%clk 1:28:32]} 5. cxd5 {[%clk 1:32:32]} Nxd5
{[%clk 1:28:56]} 6. Qa4+ {[%clk 1:32:56]} Nc6 {[%clk 1:23:20]} 7. e4
{[%clk 1:31:51]} Nb6 {[%clk 1:23:19]} 8. Qc2 {[%clk 1:32:14]} Nxd4
{[%clk 1:07:40]} 9. Nxd4 {[%clk 1:31:09]} Qxd4 {[%clk 1:07:29]} 10. Nb5
{[%clk 1:17:06]} Qb4+ {[%clk 1:07:38]} 11. Bd2 {[%clk 1:17:28]} Qxb2
{[%clk 1:07:56]} 12. Nxc7+ {[%clk 1:02:24]} Kd8 {[%clk 1:07:51]} 13. Rc1
{[%clk 0:59:12]} Qxc2 {[%clk 1:07:17]} 14. Rxc2 {[%clk 0:59:37]} Rb8
{[%clk 1:06:52]} 15. Nb5 {[%clk 0:56:15]} Bd7 {[%clk 0:37:54]} 16. Nxa7
{[%clk 0:51:43]} Ra8 {[%clk 0:35:19]} 17. Be3 {[%clk 0:47:15]} Nc8
{[%clk 0:32:11]} 18. Nb5 {[%clk 0:44:55]} Ra5 {[%clk 0:32:03]} 19. Rd2
{[%clk 0:42:59]} Rxb5 {[%clk 0:27:17]} 20. Bxb5 {[%clk 0:38:12]} Bc3
{[%clk 0:27:45]} 21. Bd4 {[%clk 0:38:20]} Bxd2+ {[%clk 0:27:09]} 22. Kxd2
{[%clk 0:38:44]} Rf8 {[%clk 0:20:47]} 23. Bd3 {[%clk 0:38:30]} Bc6
{[%clk 0:19:38]} 24. f3 {[%clk 0:36:52]} Nd6 {[%clk 0:18:54]} 25. e5
{[%clk 0:31:29]} Nb5 {[%clk 0:19:21]} 26. Bc5 {[%clk 0:27:00]} Kd7
{[%clk 0:18:17]} 27. h4 {[%clk 0:26:58]} Ra8 {[%clk 0:15:00]} 28. Bc4
{[%clk 0:23:30]} Nc7 {[%clk 0:15:28]} 29. a3 {[%clk 0:18:48]} Ra5
{[%clk 0:12:04]} 30. Bb6 {[%clk 0:11:12]} Rxa3 {[%clk 0:11:19]} 31. Bxc7
{[%clk 0:11:14]} Kxc7 {[%clk 0:11:46]} 32. Bxf7 {[%clk 0:11:35]} Ra5
{[%clk 0:11:29]} 33. h5 {[%clk 0:09:29]} Rxe5 {[%clk 0:04:55]} 34. h6
{[%clk 0:06:12]} Rg5 {[%clk 0:05:05]} 35. Rh2 {[%clk 0:05:34]} Kd7
{[%clk 0:00:41]} 36. Bg8 {[%clk 0:04:20]} Bd5 {[%clk 0:00:39]} 37. Bxh7
{[%clk 0:03:12]} Bf7 {[%clk 0:01:08]} 38. f4 {[%clk 0:02:17]} Rd5+
{[%clk 0:00:37]} 39. Ke3 {[%clk 0:02:20]} Ke6 {[%clk 0:00:49]} 40. g4
{[%clk 0:32:18]} Rd8 {[%clk 0:30:38]} 41. Rb2 {[%clk 0:30:41]} Kf6
{[%clk 0:09:57]} 42. Rb6+ {[%clk 0:19:22]} Rd6 {[%clk 0:09:45]} 43. g5+
{[%clk 0:17:23]} Kf5 {[%clk 0:09:38]} 44. Rb5+ {[%clk 0:11:14]} Rd5
{[%clk 0:09:03]} 45. Rxb7 {[%clk 0:11:00]} Rd6 {[%clk 0:09:04]} 46. Rb5+
{[%clk 0:08:11]} Rd5 {[%clk 0:09:19]} 47. Rb7 {[%clk 0:03:16]} Rd6
{[%clk 0:09:22]} 48. Rb8 {[%clk 0:02:36]} Re6+ {[%clk 0:05:39]} 49. Kd2
{[%clk 0:02:22]} Rd6+ {[%clk 0:05:38]} 50. Kc2 {[%clk 0:02:24]} Rc6+
{[%clk 0:03:05]} 51. Kb2 {[%clk 0:02:48]} e5 {[%clk 0:00:36]} 52. Bg8
{[%clk 0:02:58]} Bxg8 {[%clk 0:00:56]} 53. Rf8+ {[%clk 0:03:18]} Kg4
{[%clk 0:00:41]} 54. Rxg8 {[%clk 0:03:42]} Rc7 {[%clk 0:00:52]} 55. Rxg6
{[%clk 0:03:09]} exf4 {[%clk 0:01:03]} 56. Rg7 {[%clk 0:03:31]} Rc8
{[%clk 0:00:51]} 57. h7 {[%clk 0:03:56]} Rb8+ {[%clk 0:00:33]} 58. Kc3
{[%clk 0:04:12]} f3 {[%clk 0:00:34]} 59. Rg8 {[%clk 0:03:34]} f2 {[%clk 0:00:44]}
60. Rxb8 {[%clk 0:03:58]} f1=Q {[%clk 0:01:09]} 61. h8=Q {[%clk 0:04:20]} Qc1+
{[%clk 0:01:08]} 62. Kb3 {[%clk 0:03:54]} Qd1+ {[%clk 0:00:53]} 63. Kb4
{[%clk 0:04:02]} Qd6+ {[%clk 0:00:55]} 64. Kc3 {[%clk 0:03:55]} Qc5+
{[%clk 0:00:50]} 65. Kd3 {[%clk 0:03:36]} Qf5+ {[%clk 0:01:04]} 66. Kc4
{[%clk 0:03:41]} Qf7+ {[%clk 0:01:15]} 67. Kc5 {[%clk 0:03:03]} Qc7+
{[%clk 0:01:30]} 68. Kb5 {[%clk 0:02:35]} Qd7+ {[%clk 0:01:50]} 69. Kb4
{[%clk 0:02:49]} Qe7+ {[%clk 0:01:34]} 70. Ka4 {[%clk 0:03:05]} Qa7+
{[%clk 0:01:41]} 71. Kb3 {[%clk 0:03:27]} Qf7+ {[%clk 0:02:04]} 72. Kb2
{[%clk 0:03:03]} Qf2+ {[%clk 0:02:22]} 73. Kc3 {[%clk 0:02:37]} Qc5+
{[%clk 0:02:22]} 74. Kd3 {[%clk 0:02:52]} Qf5+ {[%clk 0:02:41]} 75. Kd4
{[%clk 0:03:11]} Qd7+ {[%clk 0:02:33]} 76. Kc5 {[%clk 0:03:34]} Qc7+
{[%clk 0:02:48]} 77. Kb5 {[%clk 0:03:59]} Qd7+ {[%clk 0:03:01]} 78. Ka6
{[%clk 0:04:23]} Qa4+ {[%clk 0:03:14]} 79. Kb6 {[%clk 0:04:45]} Qb4+
{[%clk 0:02:50]} 80. Kc6 {[%clk 0:05:05]} Qc4+ {[%clk 0:02:55]} 81. Kd6
{[%clk 0:05:24]} Qd3+ {[%clk 0:03:06]} 82. Ke7 {[%clk 0:05:32]} Qe4+
{[%clk 0:02:51]} 83. Kf7 {[%clk 0:05:35]} Qd5+ {[%clk 0:02:59]} 84. Ke8
{[%clk 0:04:56]} Qe6+ {[%clk 0:02:52]} 85. Kf8 {[%clk 0:05:21]} Qd6+
{[%clk 0:02:59]} 86. Kg7 {[%clk 0:04:36]} Qe7+ {[%clk 0:02:42]} 87. Kg8
{[%clk 0:04:58]} Qe6+ {[%clk 0:00:57]} 88. Kh7 {[%clk 0:05:17]} Qf5+
{[%clk 0:01:02]} 89. g6 {[%clk 0:05:24]} Qh5+ {[%clk 0:01:31]} 90. Kg7
{[%clk 0:05:26]} Qe5+ {[%clk 0:01:59]} 91. Kf7 {[%clk 0:05:48]} Qd5+
{[%clk 0:02:23]} 92. Ke7 {[%clk 0:05:35]} Qc5+ {[%clk 0:02:22]} 93. Ke8
{[%clk 0:05:51]} Qc6+ {[%clk 0:02:27]} 94. Kf8 {[%clk 0:05:57]} Qd6+
{[%clk 0:02:45]} 95. Kf7 {[%clk 0:06:07]} Qd7+ {[%clk 0:02:53]} 96. Kf8
{[%clk 0:05:50]} Qd6+ {[%clk 0:03:13]} 97. Kg7 {[%clk 0:06:13]} Qe5+
{[%clk 0:03:04]} 98. Kf7 {[%clk 0:06:27]} Qd5+ {[%clk 0:03:17]} 99. Ke7
{[%clk 0:06:39]} Qc5+ {[%clk 0:03:32]} 100. Ke6 {[%clk 0:07:02]} Qc6+
{[%clk 0:03:25]} 101. Ke5 {[%clk 0:07:19]} Qc5+ {[%clk 0:03:28]} 102. Ke4
{[%clk 0:07:39]} Qc6+ {[%clk 0:03:00]} 103. Kd3 {[%clk 0:07:28]} Qf3+
{[%clk 0:01:44]} 104. Kc2 {[%clk 0:07:48]} Qe4+ {[%clk 0:01:54]} 105. Kb2
{[%clk 0:08:04]} Qe2+ {[%clk 0:02:12]} 106. Ka3 {[%clk 0:08:05]} Qa6+
{[%clk 0:02:27]} 107. Kb4 {[%clk 0:08:23]} Qd6+ {[%clk 0:02:40]} 108. Ka4
{[%clk 0:08:43]} Qa6+ {[%clk 0:02:53]} 109. Kb3 {[%clk 0:08:57]} Qe6+
{[%clk 0:03:09]} 110. Ka3 {[%clk 0:09:19]} Qa6+ {[%clk 0:03:28]} 111. Kb2
{[%clk 0:09:31]} Qe2+ {[%clk 0:03:50]} 112. Ka1 {[%clk 0:09:46]} Qa6+
{[%clk 0:04:10]} 113. Kb1 {[%clk 0:10:11]} Qd3+ {[%clk 0:04:31]} 114. Kc1
{[%clk 0:10:35]} Qc4+ {[%clk 0:04:45]} 115. Kd2 {[%clk 0:10:53]} Qd5+
{[%clk 0:04:58]} 116. Ke3 {[%clk 0:11:03]} Qe6+ {[%clk 0:04:57]} 117. Kf2
{[%clk 0:11:17]} Qf5+ {[%clk 0:05:04]} 118. Ke3 {[%clk 0:10:51]} Qe6+
{[%clk 0:05:26]} 119. Kd4 {[%clk 0:11:13]} Qd6+ {[%clk 0:05:35]} 120. Ke4
{[%clk 0:11:12]} Qc6+ {[%clk 0:05:47]} 121. Kd4 {[%clk 0:10:04]} Qd6+
{[%clk 0:05:57]} 122. Kc4 {[%clk 0:09:51]} Qc6+ {[%clk 0:06:12]} 123. Kb4
{[%clk 0:09:46]} Qd6+ {[%clk 0:06:09]} 124. Kb3 {[%clk 0:09:49]} Qd5+
{[%clk 0:06:24]} 125. Kb2 {[%clk 0:09:49]} Qd2+ {[%clk 0:06:41]} 126. Ka3
{[%clk 0:10:03]} Qa5+ {[%clk 0:07:02]} 127. Kb2 {[%clk 0:08:08]} Qd2+
{[%clk 0:07:24]} 128. Kb1 {[%clk 0:08:27]} Qd3+ {[%clk 0:07:00]} 129. Ka2
{[%clk 0:06:28]} Qa6+ {[%clk 0:07:19]} 130. Kb3 {[%clk 0:06:49]} Qe6+
{[%clk 0:07:37]} 131. Kc3 {[%clk 0:06:44]} Qe1+ {[%clk 0:06:25]} 132. Kc2
{[%clk 0:06:57]} Qe4+ {[%clk 0:06:37]} 133. Kb2 {[%clk 0:06:56]} Qe2+
{[%clk 0:07:02]} 134. Kb3 {[%clk 0:06:54]} Qe6+ {[%clk 0:07:12]} 135. Kb4
{[%clk 0:06:29]} Qd6+ {[%clk 0:07:34]} 136. Ka4 {[%clk 0:06:31]} Qa6+
{[%clk 0:07:47]} 137. Kb3 {[%clk 0:06:52]} Qe6+ {[%clk 0:08:10]} 138. Ka3
{[%clk 0:07:13]} Qa6+ {[%clk 0:08:26]} 139. Kb2 {[%clk 0:06:59]} Qe2+
{[%clk 0:08:47]} 140. Kb1 {[%clk 0:06:54]} Qa6 1/2-1/2

[Event "XXIX Miedzynarodowy Festiwal Szachowy CRACOVIA-2018 Grupa A"]
[Site "Krakow, Hotel Galaxy, ul. Gesia 22a"]
[Date "2019.01.02"]
[Round "7.9"]
[White "Godzwon, Iwo"]
[Black "Schreiner, Peter"]
[Result "1/2-1/2"]
[BlackElo "2479"]
[WhiteElo "2323"]
[LiveChessVersion "1.4.8"]

1. d4 {[%clk 1:30:59]} Nf6 {[%clk 1:30:44]} 2. c4 {[%clk 1:31:25]} g6
{[%clk 1:30:50]} 3. Nf3 {[%clk 1:31:46]} Bg7 {[%clk 1:31:07]} 4. g3
{[%clk 1:32:11]} O-O {[%clk 1:31:23]} 5. Bg2 {[%clk 1:32:39]} d6 {[%clk 1:31:47]}
6. O-O {[%clk 1:33:03]} Bf5 {[%clk 1:32:10]} 7. Nbd2 {[%clk 1:28:36]} c5
{[%clk 1:19:01]} 8. Nh4 {[%clk 1:09:09]} Bc8 {[%clk 1:13:34]} 9. Nb3
{[%clk 1:06:52]} Qb6 {[%clk 1:06:48]} 10. dxc5 {[%clk 0:47:48]} dxc5
{[%clk 1:04:48]} 11. Bd2 {[%clk 0:48:16]} a5 {[%clk 1:01:21]} 12. Bc3
{[%clk 0:47:02]} a4 {[%clk 1:00:24]} 13. Nd2 {[%clk 0:47:21]} Nc6
{[%clk 0:59:38]} 14. Nhf3 {[%clk 0:43:51]} Bf5 {[%clk 0:49:14]} 15. Ne5
{[%clk 0:40:31]} Nxe5 {[%clk 0:45:38]} 16. Bxe5 {[%clk 0:40:58]} Rfd8
{[%clk 0:44:56]} 17. Qc1 {[%clk 0:38:08]} Ne4 {[%clk 0:31:12]} 18. Nf3
{[%clk 0:30:47]} Bxe5 {[%clk 0:11:19]} 19. Nxe5 {[%clk 0:31:14]} Qf6
{[%clk 0:11:28]} 20. Nd3 {[%clk 0:30:47]} a3 {[%clk 0:11:18]} 21. bxa3
{[%clk 0:19:36]} Nc3 {[%clk 0:11:37]} 22. Re1 {[%clk 0:20:04]} Nxe2+
{[%clk 0:08:34]} 23. Rxe2 {[%clk 0:20:31]} Bxd3 {[%clk 0:08:39]} 24. Re1
{[%clk 0:17:16]} Rd7 {[%clk 0:08:42]} 25. Qe3 {[%clk 0:17:31]} Rad8
{[%clk 0:07:01]} 26. Qxc5 {[%clk 0:17:29]} b6 {[%clk 0:05:02]} 27. Qc6
{[%clk 0:14:22]} Rd6 {[%clk 0:02:59]} 28. Qc7 {[%clk 0:12:58]} R8d7
{[%clk 0:03:07]} 29. Qc8+ {[%clk 0:13:21]} Rd8 {[%clk 0:02:20]} 30. Qc7
{[%clk 0:13:48]} R6d7 {[%clk 0:02:22]} 31. Qc6 {[%clk 0:14:11]} Qxc6
{[%clk 0:01:31]} 32. Bxc6 {[%clk 0:14:36]} Ra7 {[%clk 0:01:47]} 33. Rad1
{[%clk 0:14:19]} Rc8 {[%clk 0:01:26]} 34. Rxd3 {[%clk 0:14:45]} Rxc6
{[%clk 0:01:52]} 35. Rd4 {[%clk 0:13:38]} e6 {[%clk 0:01:50]} 36. Re3
{[%clk 0:14:06]} Kg7 {[%clk 0:01:27]} 37. Kg2 {[%clk 0:12:35]} Kf6
{[%clk 0:01:39]} 38. Rb3 {[%clk 0:10:42]} Ke7 {[%clk 0:01:50]} 39. Kf3
{[%clk 0:10:37]} Ra5 {[%clk 0:01:25]} 40. Ke3 {[%clk 0:40:02]} e5
{[%clk 0:31:28]} 41. Rdd3 {[%clk 0:38:55]} Ke6 {[%clk 0:16:54]} 42. Rb5
{[%clk 0:36:38]} Ra6 {[%clk 0:16:32]} 43. Rdb3 {[%clk 0:36:03]} h5
{[%clk 0:08:06]} 44. h4 {[%clk 0:33:51]} Kf5 {[%clk 0:07:52]} 45. Rc3
{[%clk 0:32:01]} Ra7 {[%clk 0:05:58]} 46. Kf3 {[%clk 0:31:19]} Rd7
{[%clk 0:04:56]} 47. a4 {[%clk 0:31:16]} Ra7 {[%clk 0:02:51]} 48. Rb4
{[%clk 0:30:24]} Rac7 {[%clk 0:02:03]} 49. Kg2 {[%clk 0:28:17]} Rd7
{[%clk 0:02:17]} 50. Rf3+ {[%clk 0:26:41]} Ke6 {[%clk 0:02:42]} 51. Rfb3
{[%clk 0:27:09]} Rdd6 {[%clk 0:02:49]} 52. Kf3 {[%clk 0:27:28]} Kf5
{[%clk 0:02:58]} 53. a3 {[%clk 0:26:26]} f6 {[%clk 0:02:52]} 54. Kg2
{[%clk 0:25:00]} g5 {[%clk 0:03:03]} 55. hxg5 {[%clk 0:25:18]} Kxg5
{[%clk 0:03:21]} 56. Kf3 {[%clk 0:25:15]} f5 {[%clk 0:03:00]} 57. Rb5
{[%clk 0:24:39]} e4+ {[%clk 0:02:51]} 58. Kg2 {[%clk 0:24:12]} Rxc4
{[%clk 0:02:08]} 59. Rxb6 {[%clk 0:24:39]} Rxb6 {[%clk 0:02:26]} 60. Rxb6
{[%clk 0:25:06]} Rxa4 {[%clk 0:02:40]} 61. f4+ {[%clk 0:20:43]} exf3+
{[%clk 0:03:08]} 62. Kxf3 {[%clk 0:21:08]} Rxa3+ {[%clk 0:03:27]} 63. Kf2
{[%clk 0:21:11]} Ra2+ {[%clk 0:01:59]} 64. Kf3 {[%clk 0:21:37]} Ra3+
{[%clk 0:02:20]} 65. Kf2 {[%clk 0:22:03]} h4 {[%clk 0:01:45]} 66. gxh4+
{[%clk 0:22:32]} Kxh4 {[%clk 0:02:08]} 67. Rg6 {[%clk 0:22:59]} Kh5
{[%clk 0:02:22]} 68. Rg8 {[%clk 0:23:26]} Kh6 {[%clk 0:02:27]} 69. Ke2
{[%clk 0:22:18]} Kh5 {[%clk 0:02:03]} 70. Kf2 {[%clk 0:22:45]} Kh4
{[%clk 0:02:20]} 71. Rg7 {[%clk 0:23:10]} Rb3 {[%clk 0:02:11]} 72. Rg8
{[%clk 0:23:34]} Ra3 {[%clk 0:01:59]} 73. Rg7 {[%clk 0:23:56]} Ra1
{[%clk 0:01:27]} 74. Rg8 {[%clk 0:24:22]} Ra3 {[%clk 0:01:26]} 75. Rg7
{[%clk 0:24:47]} f4 {[%clk 0:01:38]} 76. Rh7+ {[%clk 0:25:02]} Kg4
{[%clk 0:01:44]} 77. Rg7+ {[%clk 0:25:29]} Kf5 {[%clk 0:02:00]} 78. Rf7+
{[%clk 0:25:51]} Ke5 {[%clk 0:01:51]} 79. Re7+ {[%clk 0:26:16]} Kf5
{[%clk 0:02:03]} 80. Rf7+ {[%clk 0:26:42]} Kg5 {[%clk 0:02:30]} 81. Rg7+
{[%clk 0:27:09]} Kf6 {[%clk 0:02:56]} 82. Rg8 {[%clk 0:27:35]} Rb3
{[%clk 0:00:37]} 83. Rf8+ {[%clk 0:28:02]} Ke5 {[%clk 0:00:50]} 84. Re8+
{[%clk 0:28:29]} Kd6 {[%clk 0:01:02]} 85. Rf8 {[%clk 0:28:56]} Rb4
{[%clk 0:01:17]} 86. Kf3 {[%clk 0:29:22]} Rb1 {[%clk 0:01:24]} 87. Rxf4
{[%clk 0:29:46]} Ke5 88. Ke4+ 1/2-1/2

[Event "XXIX Miedzynarodowy Festiwal Szachowy CRACOVIA-2018 Grupa A"]
[Site "Krakow, Hotel Galaxy, ul. Gesia 22a"]
[Date "2019.01.02"]
[Round "7.11"]
[White "Kosakowski, Jakub"]
[Black "Zakrzewski, Marek"]
[Result "1-0"]
[BlackElo "2311"]
[WhiteElo "2415"]
[LiveChessVersion "1.4.8"]

1. e4 {[%clk 1:30:50]} c5 {[%clk 1:30:49]} 2. Nf3 {[%clk 1:31:07]} e6
{[%clk 1:31:13]} 3. d4 {[%clk 1:31:20]} cxd4 {[%clk 1:31:36]} 4. Nxd4
{[%clk 1:31:45]} Nc6 {[%clk 1:31:59]} 5. Nc3 {[%clk 1:32:07]} Qc7
{[%clk 1:32:22]} 6. g4 {[%clk 1:31:56]} a6 {[%clk 1:30:18]} 7. h4
{[%clk 1:31:04]} Nxd4 {[%clk 1:19:51]} 8. Qxd4 {[%clk 1:31:25]} Ne7
{[%clk 1:20:13]} 9. Be3 {[%clk 1:24:40]} b5 {[%clk 1:18:23]} 10. O-O-O
{[%clk 1:23:38]} Nc6 {[%clk 1:17:44]} 11. Qd2 {[%clk 1:23:50]} d6
{[%clk 1:12:04]} 12. Kb1 {[%clk 1:23:41]} Bb7 {[%clk 1:07:06]} 13. g5
{[%clk 1:19:59]} Rc8 {[%clk 1:02:16]} 14. f4 {[%clk 1:07:18]} Na5
{[%clk 0:59:00]} 15. Qf2 {[%clk 1:07:29]} Nc4 {[%clk 0:56:38]} 16. Bxc4
{[%clk 1:07:16]} Qxc4 {[%clk 0:56:46]} 17. Rd4 {[%clk 1:07:17]} Qc7
{[%clk 0:50:56]} 18. Rhd1 {[%clk 1:00:31]} Bc6 {[%clk 0:31:38]} 19. f5
{[%clk 0:55:42]} a5 {[%clk 0:29:09]} 20. Nd5 {[%clk 0:50:41]} Bxd5
{[%clk 0:19:52]} 21. exd5 {[%clk 0:51:02]} exf5 {[%clk 0:18:37]} 22. Qxf5
{[%clk 0:46:30]} Be7 {[%clk 0:18:47]} 23. Rf1 {[%clk 0:43:07]} O-O
{[%clk 0:18:43]} 24. h5 {[%clk 0:42:48]} f6 {[%clk 0:14:35]} 25. g6
{[%clk 0:34:38]} h6 {[%clk 0:14:34]} 26. c3 {[%clk 0:33:57]} Rfe8
{[%clk 0:14:17]} 27. Bxh6 {[%clk 0:27:59]} Bf8 {[%clk 0:11:49]} 28. Bc1
{[%clk 0:22:09]} Qe7 {[%clk 0:08:46]} 29. h6 {[%clk 0:20:11]} gxh6
{[%clk 0:09:03]} 30. g7 {[%clk 0:20:35]} Bxg7 {[%clk 0:08:58]} 31. Rg1
{[%clk 0:11:04]} Qe5 {[%clk 0:03:56]} 32. Qg6 {[%clk 0:11:08]} Re7
{[%clk 0:03:05]} 33. Bxh6 {[%clk 0:11:01]} f5 {[%clk 0:03:06]} 34. Rh4
{[%clk 0:10:35]} Rc4 {[%clk 0:02:23]} 35. Rhh1 {[%clk 0:01:50]} Rg4
{[%clk 0:01:32]} 36. Rxg4 {[%clk 0:02:14]} fxg4 {[%clk 0:02:01]} 37. Qxg4
{[%clk 0:02:29]} Qxd5 {[%clk 0:02:03]} 38. Rg1 {[%clk 0:02:42]} Qc4
{[%clk 0:00:47]} 39. Qg6 {[%clk 0:01:52]} Qf7 {[%clk 0:00:41]} 40. Qxd6
{[%clk 0:31:23]} Qf5+ {[%clk 0:30:33]} 41. Kc1 {[%clk 0:28:43]} Qf2
{[%clk 0:05:11]} 42. Qd8+ {[%clk 0:24:44]} Kh7 {[%clk 0:05:23]} 43. Qd3+
{[%clk 0:25:02]} Kg8 {[%clk 0:04:51]} 44. Rxg7+ {[%clk 0:24:09]} Rxg7
{[%clk 0:05:11]} 45. Bxg7 {[%clk 0:24:32]} Qg1+ {[%clk 0:04:37]} 46. Qd1
{[%clk 0:23:59]} Qg5+ {[%clk 0:04:44]} 47. Qd2 {[%clk 0:24:21]} Qg1+
{[%clk 0:04:17]} 48. Kc2 {[%clk 0:24:46]} Qxg7 {[%clk 0:03:04]} 49. Qd5+
{[%clk 0:25:08]} Kh7 {[%clk 0:03:29]} 50. Qh5+ {[%clk 0:25:30]} Kg8
{[%clk 0:03:52]} 51. Qxb5 {[%clk 0:25:52]} Qc7 {[%clk 0:04:01]} 52. Kb3
{[%clk 0:26:15]} Kh8 {[%clk 0:03:36]} 53. Ka4 {[%clk 0:26:29]} Qf7
{[%clk 0:03:03]} 54. a3 {[%clk 0:26:10]} Qc7 {[%clk 0:01:35]} 55. Qxa5
{[%clk 0:25:07]} Qc4+ {[%clk 0:01:55]} 56. Qb4 {[%clk 0:25:33]} Qc6+
{[%clk 0:02:11]} 57. Kb3 {[%clk 0:25:57]} Qd5+ {[%clk 0:02:34]} 58. Qc4
{[%clk 0:26:22]} Qf7 {[%clk 0:02:48]} 59. a4 {[%clk 0:26:24]} Qb7+
{[%clk 0:03:04]} 60. Ka3 {[%clk 0:26:08]} 1-0